00862cam a22002411 4500001001300000003000400013005001700017008004100034010001700075035001900092040002400111042001200135050002400147110002800171245015500199260002000354300003100374500006100405650004100466650004200507700004200549710002900591gs 49000048 DLC20260227111354.0761113s1947 txu 000 0 eng  ags 49000048  a(OCoLC)2556786 aDLCcTxdOCoLCdDLC apremarc00aGB1025.T4bA5 1947d2 aTexas Water Commission.10aGround water resources of Brazoria County, Texas,cby C. R. Follett. Prepared in cooperation with the U. S. Dept. of the Interior, Geological Survey. a[Austin]c1947. a101 l.bfold. map.c27 cm. aU.S. Geological Survey. Library for Library of Congress. 0aGroundwaterzTexaszBrazoria County. 0aWater-supplyzTexaszBrazoria County.1 aFollett, C. R.q(Clarence R.),d1904-2 aGeological Survey (U.S.)